00488nam a2200169Ia 4500003000400000005001700004008004100021040000600062082001600068100001900084245009200103250001500195260004300210300001200253650002600265650002700291OSt20250827114820.0250310s9999||||xx |||||||||||||| ||und|| c. a621.3bT398 aTheraja, B. L. 0aA Textbook of Electrical technology in S.I. units /cby B. L. Theraja and A. K. Theraja a23 rev ed. aNew Delhi :bS. Chand Pvt. Ltd.c2002. a2432 p. 0aElectrical technology 0aElectrical Engineering